[Event "Tournoi Skype 010"]
[Site "Skype"]
[Date "????.??.??"]
[Round "5.8"]
[White "Galani, Mahendra"]
[Black "Megelas, Florent"]
[Result "0-1"]
[WhiteElo "1491"]
[BlackElo "1711"]
[PlyCount "60"]

1. e4 e5 2. Bc4 Bc5 3. Nf3 d6 4. h3 h6 5. O-O Nf6 6. d3 O-O 7. Nc3 Nc6 8. a3
Be6 9. Bxe6 fxe6 10. b4 Bb6 11. Na4 Qe8 12. c3 Ne7 13. Re1 Ng6 14. d4 Rd8 15.
Nxb6 axb6 16. Qb3 Kh8 17. Bb2 exd4 18. Nxd4 Nf4 19. e5 Qg6 20. g3 Nxh3+ 21. Kg2
Ne4 22. Rxe4 Rxf2+ 23. Kxh3 Qxe4 24. Rg1 Qxe5 25. Qd1 Rdf8 26. Ba1 Qe4 27. c4
e5 28. Ne6 R8f3 29. Nxc7 Qf5+ 30. Kh4 Rh2# 0-1

[Event "Tournoi Skype 010"]
[Site "Skype"]
[Date "????.??.??"]
[Round "5.9"]
[White "Parmar, Manoj"]
[Black "Meyer, Eric"]
[Result "1-0"]
[WhiteElo "1483"]
[BlackElo "1646"]
[PlyCount "97"]

1. d4 Nf6 2. Nf3 g6 3. Bf4 d5 4. e3 Bg7 5. h3 Nbd7 6. Be2 O-O 7. O-O Re8 8. c4
c6 9. cxd5 Nxd5 10. Bh2 Qb6 11. Qd2 N7f6 12. Bd3 Nb4 13. Bc7 Qxc7 14. Qxb4 Nd5
15. Qd2 Bd7 16. a3 Rad8 17. Nc3 Nxc3 18. Qxc3 Bc8 19. Rfd1 a6 20. Bc4 Qb6 21.
b4 h6 22. Qb3 e6 23. Rac1 Rd6 24. Nd2 f5 25. Nf3 Kh7 26. Ne5 Re7 27. Nd3 Qd8
28. Ne5 Bd7 29. a4 Qc7 30. a5 Bxe5 31. dxe5 Rxd1+ 32. Rxd1 Qxe5 33. Rd3 Qc7 34.
Qd1 Be8 35. Rd6 c5 36. bxc5 Qxc5 37. Bxe6 Qxa5 38. Bb3 Qb4 39. Rd8 Bc6 40. Bg8+
Kh8 41. Qa1+ Rg7 42. Qe5 Qe1+ 43. Kh2 Qxf2 44. Bd5+ Kh7 45. Bxc6 bxc6 46. Qe8
g5 47. Qh8+ Kg6 48. Rd6+ Kh5 49. Qxh6# 1-0

[Event "Tournoi Skype 010"]
[Site "Skype"]
[Date "????.??.??"]
[Round "5.10"]
[White "Gieschen, Mike"]
[Black "Casey, Eamonn"]
[Result "1-0"]
[WhiteElo "1399"]
[BlackElo "1642"]
[PlyCount "73"]

1. Nf3 Nf6 2. d4 d5 3. c4 e6 4. e3 Nbd7 5. Nc3 Bb4 6. Bd2 O-O 7. Bd3 b6 8. O-O
Bb7 9. a3 Bxc3 10. Bxc3 dxc4 11. Bxc4 Ne4 12. Qc2 Ndf6 13. Bb4 Re8 14. Nd2 a5
15. Bc3 Rc8 16. Nxe4 Nxe4 17. Bd3 Qd5 18. f3 Nf6 19. Rae1 h6 20. e4 Qd8 21. e5
Nd5 22. Be4 c5 23. Bxd5 Bxd5 24. Qd3 cxd4 25. Qxd4 Rc5 26. Bd2 Qc7 27. Qg4 Kh7
28. Rc1 Rc8 29. Qf4 Rc4 30. Rxc4 Bxc4 31. Rc1 Qc5+ 32. Be3 Qb5 33. Rc3 Qa6 34.
Qxf7 Rd8 35. Rc1 Kh8 36. Bxh6 gxh6 37. Qf6+ 1-0

[Event "Tournoi Skype 010"]
[Site "Skype"]
[Date "????.??.??"]
[Round "5.11"]
[White "De Leener, Luc"]
[Black "Porcabeuf, Jean-Marc"]
[Result "1-0"]
[WhiteElo "1607"]
[BlackElo "1291"]
[PlyCount "57"]

1. e4 e6 2. d4 d5 3. e5 c5 4. c3 Ne7 5. Nf3 Ng6 6. Bd3 Nc6 7. O-O Be7 8. Nbd2
b6 9. Re1 O-O 10. a3 Bb7 11. b4 cxb4 12. axb4 a6 13. b5 axb5 14. Rxa8 Bxa8 15.
Bxb5 Qc7 16. c4 f6 17. exf6 Bxf6 18. cxd5 exd5 19. Bxc6 Bxc6 20. Ne5 Nxe5 21.
dxe5 Bxe5 22. Nf3 Bd6 23. Qe2 d4 24. Qe6+ Kh8 25. Ne5 Bxe5 26. Rxe5 Bd7 27. Qe7
Qxc1+ 28. Re1 Qd2 29. Qxf8# 1-0

[Event "Tournoi Skype 010"]
[Site "Skype"]
[Date "????.??.??"]
[Round "5.13"]
[White "Lambert, Pierre"]
[Black "Bourdeau, Yvan"]
[Result "1-0"]
[WhiteElo "1913"]
[BlackElo "1612"]
[PlyCount "67"]

1. e4 c5 2. Nf3 d6 3. Bb5+ Bd7 4. Bxd7+ Qxd7 5. O-O Nf6 6. Re1 Nc6 7. d4 cxd4
8. Nxd4 e6 9. c4 Nxd4 10. Qxd4 e5 11. Qd3 Be7 12. Nc3 O-O 13. b3 Qc6 14. Qf3
Rfe8 15. Ba3 a6 16. Rad1 Bf8 17. Rc1 Rac8 18. Red1 Qc7 19. Ne2 Re6 20. Ng3 g6
21. Rd3 Ne8 22. Qe3 f6 23. Rdc3 Qa5 24. b4 Qd8 25. Qd3 Re7 26. Qd5+ Kg7 27. Rd1
Rec7 28. Bc1 Rc6 29. Bh6+ Kxh6 30. Nf5+ gxf5 31. Qf7 Qe7 32. Rh3+ Kg5 33. Qh5+
Kf4 34. Qh4# 1-0

[Event "Tournoi Skype 010"]
[Site "Skype"]
[Date "????.??.??"]
[Round "5.14"]
[White "Talbot, Jacques"]
[Black "Rajpurohit, Dinesh"]
[Result "1-0"]
[WhiteElo "1374"]
[BlackElo "1707"]
[PlyCount "109"]

1. e4 c6 2. d4 d5 3. Nc3 Nf6 4. e5 Nfd7 5. Nf3 h6 6. Bd3 f6 7. exf6 Nxf6 8. O-O
Bf5 9. Bxf5 e6 10. Bxe6 Be7 11. Ne5 Qd6 12. Bf7+ Kd8 13. Bg6 Rf8 14. Bf4 Qe6
15. Re1 Kc8 16. Qd3 Ne4 17. Nxe4 dxe4 18. Qxe4 Nd7 19. Nxd7 Qxd7 20. Bg3 Bd6
21. Bxd6 Qxd6 22. Bf5+ Kc7 23. Qe5 Rad8 24. Qxd6+ Rxd6 25. g4 Rxd4 26. Re7+ Kb6
27. Rae1 g6 28. Bxg6 Rxg4+ 29. Kf1 Rxg6 30. R7e6 Rgf6 31. Rxf6 Rxf6 32. Re3 Rd6
33. Rd3 Re6 34. Kg2 Re2 35. Rc3 Re4 36. Re3 Rc4 37. Re2 Rb4 38. b3 Rb5 39. c4
Ra5 40. a4 Kc5 41. Re5+ Kb4 42. Rxa5 Kxa5 43. f4 Kb6 44. b4 Kc7 45. Kf3 Kd7 46.
Ke4 Ke6 47. f5+ Kf6 48. Kd4 Kxf5 49. Kc5 Ke6 50. b5 cxb5 51. cxb5 Kd7 52. a5
b6+ 53. axb6 axb6+ 54. Kxb6 Kc8 55. Ka7 1-0

[Event "Tournoi Skype 010"]
[Site "Skype"]
[Date "????.??.??"]
[Round "5.15"]
[White "Gerbaux, Regis"]
[Black "Murgia, Stefano"]
[Result "1/2-1/2"]
[WhiteElo "1422"]
[BlackElo "1769"]
[PlyCount "43"]

1. Nf3 d6 2. e4 g6 3. d4 f5 4. exf5 Bxf5 5. Bd3 Qd7 6. Nc3 Bg7 7. Qe2 Nc6 8.
Nd5 O-O-O 9. Bb5 e5 10. dxe5 dxe5 11. Bg5 Qxd5 12. Rd1 Nd4 13. Nxd4 exd4 14.
Bxd8 Qxd8 15. O-O Nf6 16. Rfe1 c6 17. Bd3 Bg4 18. f3 Re8 19. Qd2 Be6 20. b3 Bd5
21. Bc4 Rxe1+ 22. Rxe1 1/2-1/2

[Event "Tournoi Skype 010"]
[Site "Skype"]
[Date "????.??.??"]
[Round "5.17"]
[White "Le Brun, Yves"]
[Black "Coruble, Didier"]
[Result "1/2-1/2"]
[WhiteElo "1638"]
[BlackElo "1402"]
[PlyCount "80"]

1. d4 Nf6 2. c4 e6 3. Nf3 c5 4. Nc3 cxd4 5. Nxd4 Nc6 6. Bg5 Nxd4 7. Qxd4 Be7 8.
e3 b6 9. Bd3 Bc5 10. Qh4 Bb7 11. O-O Rc8 12. Ne4 Be7 13. Nxf6+ Bxf6 14. f4 h6
15. Bxf6 Qxf6 16. Qxf6 gxf6 17. Rf2 f5 18. Rd1 Ke7 19. Rfd2 Bc6 20. Kf2 Rhg8
21. g3 h5 22. Be2 h4 23. Bf3 hxg3+ 24. hxg3 Rc7 25. Bxc6 dxc6 26. Kf3 c5 27. b3
a5 28. Rd6 Rb8 29. a4 Rbb7 30. e4 fxe4+ 31. Kxe4 Rd7 32. Rxd7+ Rxd7 33. Rxd7+
Kxd7 34. f5 Ke7 35. fxe6 Kxe6 36. Kf4 Kf6 37. g4 Kg6 38. g5 f6 39. gxf6 Kxf6
40. Ke4 Ke6 1/2-1/2

[Event "Tournoi Skype 010"]
[Site "Skype"]
[Date "????.??.??"]
[Round "5.18"]
[White "Janssen, Gerard"]
[Black "Alverson, Ginny"]
[Result "1-0"]
[WhiteElo "1602"]
[BlackElo "1399"]
[PlyCount "53"]

1. d4 Nf6 2. c4 d5 3. Nc3 dxc4 4. e4 Nbd7 5. Bxc4 e6 6. e5 Be7 7. exf6 Nxf6 8.
Nf3 O-O 9. O-O Bd7 10. Ne5 Bd6 11. Bg5 Bxe5 12. dxe5 h6 13. exf6 hxg5 14. fxg7
Kxg7 15. Ne4 f5 16. Nxg5 Qxg5 17. Qxd7+ Rf7 18. Qxe6 Raf8 19. Qe5+ Rf6 20.
Qxc7+ R6f7 21. Bxf7 Rxf7 22. Qc3+ Kg8 23. f4 Qe7 24. Rae1 Qd7 25. Rf3 Rh7 26.
Rfe3 Qd8 27. Re8+ 1-0

[Event "Tournoi Skype 010"]
[Site "Skype"]
[Date "????.??.??"]
[Round "5.20"]
[White "Dubois, Real"]
[Black "Milanese, Serge"]
[Result "0-1"]
[WhiteElo "1534"]
[BlackElo "1399"]
[PlyCount "70"]

1. d4 d5 2. Nf3 e6 3. e3 Nc6 4. c3 Nf6 5. Bd3 Be7 6. Qc2 g6 7. Nbd2 Ng4 8. h3
Nxf2 9. Kxf2 Bh4+ 10. Nxh4 Qxh4+ 11. Kf1 Bd7 12. Nf3 Qf6 13. e4 h6 14. e5 Qg7
15. a3 O-O-O 16. Bb5 f6 17. Bxc6 Bxc6 18. Kg1 g5 19. exf6 Qxf6 20. Ne5 Rhf8 21.
Be3 Be8 22. Kh2 h5 23. Rhe1 g4 24. hxg4 Qh4+ 25. Kg1 hxg4 26. g3 Qh3 27. Qg2
Qh7 28. Bg5 Rd6 29. Rf1 Rf5 30. Bf4 Bb5 31. Rf2 Rd8 32. b3 Rh8 33. a4 Rh5 34.
Rff1 Rh2 35. Qxh2 Qxh2# 0-1

[Event "Tournoi Skype 010"]
[Site "Skype"]
[Date "????.??.??"]
[Round "5.22"]
[White "Gharbi, Said"]
[Black "Duthoit, Bernard"]
[Result "0-1"]
[WhiteElo "1387"]
[BlackElo "1517"]
[PlyCount "32"]

1. e4 e6 2. d4 d5 3. exd5 exd5 4. c4 dxc4 5. Bxc4 Nf6 6. Nf3 Be7 7. O-O O-O 8.
Bf4 Nc6 9. Ne5 Qxd4 10. Qxd4 Nxd4 11. Nc3 Be6 12. Bxe6 Nxe6 13. Rad1 Nxf4 14.
Rfe1 Bb4 15. Re4 Bxc3 16. bxc3 Ne2+ 0-1

[Event "Tournoi Skype 010"]
[Site "Skype"]
[Date "????.??.??"]
[Round "5.23"]
[White "L'Herbon De Lussats, Jean"]
[Black "Hague, Mark"]
[Result "1-0"]
[WhiteElo "1509"]
[BlackElo "1391"]
[PlyCount "109"]

1. e4 c5 2. e5 Nc6 3. Nf3 g6 4. c3 Bg7 5. d4 cxd4 6. cxd4 f6 7. Bf4 Qb6 8. Qd2
fxe5 9. Bxe5 Nxe5 10. Nxe5 d6 11. Nf3 Bg4 12. Nc3 Bxf3 13. gxf3 a6 14. Nd5 Qd8
15. Rc1 Rc8 16. Bg2 Rxc1+ 17. Qxc1 Bxd4 18. Nc7+ Kf7 19. Qc4+ d5 20. Nxd5 Qa5+
21. Nc3+ e6 22. Qxd4 Nf6 23. O-O Re8 24. f4 Re7 25. a3 Qf5 26. Ne4 Nxe4 27.
Qxe4 Qxe4 28. Bxe4 Rd7 29. h4 h5 30. Kh2 Kf6 31. Rg1 Rg7 32. f3 b6 33. b4 a5
34. bxa5 bxa5 35. Rg5 a4 36. Ra5 Rd7 37. Rxa4 Rd2+ 38. Kh3 Ra2 39. Ra7 Ra1 40.
a4 Ra3 41. a5 Ra1 42. a6 Rh1+ 43. Kg3 Rg1+ 44. Kh2 Rf1 45. Rc7 e5 46. Rc6+ Ke7
47. fxe5 Ra1 48. Bd5 Ra4 49. Be4 Ra3 50. Kg3 Ra5 51. Bxg6 Rxe5 52. f4 Re3+ 53.
Kf2 Kd7 54. Rf6 Kc7 55. Kxe3 1-0

[Event "Tournoi Skype 010"]
[Site "Skype"]
[Date "????.??.??"]
[Round "5.24"]
[White "Belouin, Bruno"]
[Black "Prasad Singh, Ambika"]
[Result "1-0"]
[WhiteElo "1490"]
[BlackElo "1330"]
[PlyCount "125"]

1. c4 Nf6 2. Nf3 c5 3. d4 cxd4 4. Nxd4 Nc6 5. e3 g6 6. Nc3 Bg7 7. Be2 O-O 8.
O-O e6 9. a3 a6 10. Bf3 Qc7 11. Re1 d6 12. Qa4 Bd7 13. Qd1 Rac8 14. b3 Ne5 15.
e4 Nxf3+ 16. Nxf3 e5 17. Bg5 Bc6 18. h3 Nh5 19. Qd2 f5 20. Nd5 Bxd5 21. Qxd5+
Qf7 22. Qxd6 Rc6 23. Qd2 fxe4 24. Rxe4 Re6 25. Bh6 Qc7 26. Bxg7 Kxg7 27. Qc3
Rfe8 28. Rae1 Kf6 29. g4 Nf4 30. Rxf4+ Kg7 31. Rfe4 h6 32. Rxe5 Rxe5 33. Nxe5
Kh7 34. Re3 Rd8 35. Qc2 Qd6 36. Qxg6+ Qxg6 37. Nxg6 Kxg6 38. f4 Kf7 39. g5 hxg5
40. fxg5 Rd7 41. Rf3+ Kg6 42. h4 Kh5 43. Rf4 Rd3 44. Rf7 Kxh4 45. g6 Rg3+ 46.
Kf2 Rxg6 47. Rxb7 Kg5 48. Ke3 Kf5 49. Kd4 Rc6 50. c5 Ke6 51. b4 Kf5 52. Kd5 Rh6
53. c6 Kf4 54. c7 Rh5+ 55. Kd4 Rh8 56. Rb8 Rxb8 57. cxb8=Q+ Kg5 58. Qe5+ Kg6
59. Ke4 Kf7 60. Kf5 Kg8 61. Qf6 a5 62. Kg6 axb4 63. Qg7# 1-0

[Event "Tournoi Skype 010"]
[Site "Skype"]
[Date "????.??.??"]
[Round "5.25"]
[White "Picard, Mario"]
[Black "Loyarte, Frederic"]
[Result "1-0"]
[WhiteElo "1250"]
[BlackElo "1473"]
[PlyCount "67"]

1. d4 Nf6 2. c4 g6 3. Nf3 Bg7 4. Nc3 d6 5. e3 O-O 6. Bd3 e5 7. dxe5 Nfd7 8.
exd6 cxd6 9. O-O Nc5 10. Bc2 Bxc3 11. bxc3 Be6 12. Qe2 Qa5 13. Bb2 Na4 14. Bxa4
Qxa4 15. Nd2 Qc2 16. Ba3 Rd8 17. Rfd1 Bxc4 18. Qxc4 d5 19. Qc5 Na6 20. Qe7 Qxc3
21. Bd6 Qc6 22. Be5 Re8 23. Qg5 h6 24. Qf4 Qe6 25. Nf3 g5 26. Nxg5 hxg5 27.
Qxg5+ Qg6 28. Qf6 Kh7 29. Rxd5 Rg8 30. g3 Nb4 31. Rd7 Nc6 32. Rxf7+ Kh6 33.
Bf4+ Kh5 34. Qh4# 1-0

[Event "Tournoi Skype 010"]
[Site "Skype"]
[Date "????.??.??"]
[Round "5.26"]
[White "Saidi, Bhen"]
[Black "Grasset, Xavier"]
[Result "1-0"]
[WhiteElo "1465"]
[BlackElo "1151"]
[PlyCount "85"]

1. e4 d5 2. e5 Nc6 3. Nf3 Bg4 4. Be2 Bxf3 5. Bxf3 Nxe5 6. d4 Nc6 7. Nc3 e6 8.
O-O Nge7 9. Be2 Nf5 10. Bb5 Qd7 11. Bxc6 Qxc6 12. Re1 Bd6 13. Qg4 O-O-O 14. a4
Rhg8 15. Qd1 Nh6 16. Nb5 Qb6 17. Qf3 Nf5 18. c3 a6 19. Nxd6+ Nxd6 20. b4 a5 21.
b5 c6 22. Bf4 cxb5 23. Bxd6 Rxd6 24. axb5 f5 25. Qd3 g6 26. c4 Re8 27. c5 Qc7
28. cxd6 Qxd6 29. Rxa5 Qb4 30. Rc1+ Kd7 31. Ra7 Kd6 32. Rxb7 e5 33. Rb6+ Kd7
34. Qc2 Ke7 35. Qc7+ Kf8 36. dxe5 Re7 37. Qd8+ Re8 38. Rf6+ Kg7 39. Qxe8 Kh6
40. Qf8+ Kh5 41. Qxb4 h6 42. g3 Kg5 43. Qh4# 1-0

[Event "Tournoi Skype 010"]
[Site "Skype"]
[Date "????.??.??"]
[Round "5.27"]
[White "Mordaa, Ahmad"]
[Black "Armingaud, Jean-Claude"]
[Result "1-0"]
[WhiteElo "1457"]
[BlackElo "1142"]
[PlyCount "61"]

1. e4 e5 2. Nf3 Nf6 3. Nxe5 Nxe4 4. Qe2 Qe7 5. Qxe4 f6 6. d4 fxe5 7. Qxe5 Nc6
8. Qxe7+ Bxe7 9. c3 O-O 10. Bc4+ Kh8 11. O-O d6 12. Nd2 Bf5 13. Nf3 a6 14. Bg5
Bxg5 15. Nxg5 Bg6 16. Ne6 Rf7 17. Rfe1 Re8 18. Ng5 Rfe7 19. Kf1 b5 20. Rxe7 Rf8
21. Nf7+ Kg8 22. Ne5+ bxc4 23. Nxc6 Bd3+ 24. Ke1 h6 25. f3 Rf6 26. Kf2 d5 27.
Nb4 Be4 28. Kg1 Kf8 29. Rxc7 Bg6 30. Rc8+ Be8 31. Re1 1-0

[Event "Tournoi Skype 010"]
[Site "Skype"]
[Date "????.??.??"]
[Round "5.28"]
[White "Martin, Elise"]
[Black "Vincent, Andre"]
[Result "1-0"]
[WhiteElo "1196"]
[BlackElo "1426"]
[PlyCount "75"]

1. d4 Nf6 2. c4 d5 3. e3 c6 4. Nc3 g6 5. Nf3 Bg7 6. Bd3 O-O 7. O-O Be6 8. h3
Nbd7 9. Ng5 h6 10. Nxe6 fxe6 11. Bxg6 e5 12. dxe5 Nxe5 13. Bc2 Nxc4 14. Bd3 Nb6
15. Re1 e5 16. e4 d4 17. Qb3+ Kh8 18. Ne2 Qc7 19. Bd2 c5 20. Qd1 Qd7 21. Qc1
Rac8 22. Bxh6 c4 23. Bxg7+ Qxg7 24. Bc2 d3 25. Ng3 dxc2 26. Nf5 Qh7 27. Qxc2
Rfd8 28. Qc3 Nbd7 29. Nd6 Rc7 30. Qa5 b6 31. Qd2 a6 32. Nf5 b5 33. Qd6 Ra7 34.
Rad1 Nxe4 35. Qe6 Ndc5 36. Qb6 Qxf5 37. Re3 Qxf2+ 38. Kh2 1-0

[Event "Tournoi Skype 010"]
[Site "Skype"]
[Date "????.??.??"]
[Round "5.29"]
[White "Belouin, Alexis"]
[Black "Marty, Yvette"]
[Result "1-0"]
[WhiteElo "1422"]
[BlackElo "1000"]
[PlyCount "43"]

1. d4 d5 2. Nc3 Nf6 3. e3 a6 4. Bd3 Nc6 5. e4 e6 6. exd5 Ne7 7. dxe6 Bxe6 8.
Nf3 c6 9. O-O Ned5 10. Nxd5 cxd5 11. c3 Be7 12. Re1 O-O 13. Qc2 h6 14. Bg6 fxg6
15. Rxe6 Bd6 16. Qxg6 Qd7 17. Bxh6 Rf7 18. Ng5 Re8 19. Rxd6 Qe7 20. g3 Ng4 21.
Qh7+ Kf8 22. Qh8# 1-0

[Event "Tournoi Skype 010"]
[Site "Skype"]
[Date "????.??.??"]
[Round "5.31"]
[White "Legueltel, Daniel"]
[Black "Briere, Jean"]
[Result "1-0"]
[WhiteElo "1719"]
[BlackElo "1465"]
[PlyCount "117"]

1. d4 d5 2. c4 e6 3. Nc3 Nf6 4. Nf3 c5 5. cxd5 exd5 6. e3 cxd4 7. Nxd4 Bb4 8.
Bd2 O-O 9. a3 Bxc3 10. Bxc3 Nc6 11. Be2 Ne4 12. Rc1 Qg5 13. Bf3 Re8 14. Nxc6
bxc6 15. Bd4 Bd7 16. Qc2 a6 17. Ke2 Qg6 18. h4 Bg4 19. Qxc6 Qxc6 20. Rxc6 Bd7
21. Rc7 Bb5+ 22. Ke1 Rac8 23. Rxc8 Rxc8 24. Bc3 Nxc3 25. bxc3 Rxc3 26. Kd2 Rxa3
27. Rc1 Ra2+ 28. Kc3 Bc4 29. Rd1 Ra5 30. Kd4 f6 31. Rd2 Kf7 32. Rb2 Rb5 33.
Rxb5 axb5 34. Bxd5+ Bxd5 35. Kxd5 b4 36. Kd4 Ke6 37. f3 f5 38. Kc4 b3 39. Kxb3
Kd5 40. Kc3 Ke5 41. Kc4 h6 42. h5 f4 43. e4 Kd6 44. Kd4 Ke6 45. e5 Ke7 46. Kd5
Kd7 47. e6+ Ke7 48. Ke5 Ke8 49. Kxf4 Ke7 50. Ke5 Ke8 51. Kd6 Kd8 52. f4 Ke8 53.
e7 g6 54. hxg6 h5 55. g7 Kf7 56. g8=Q+ Kxg8 57. e8=Q+ Kg7 58. f5 Kf6 59. Qg6#
1-0

[Event "Tournoi Skype 010"]
[Site "Skype"]
[Date "????.??.??"]
[Round "5.32"]
[White "Meaney, Mike"]
[Black "Martin, Jean-Claude"]
[Result "0-1"]
[WhiteElo "1650"]
[BlackElo "1290"]
[PlyCount "86"]

1. e4 e5 2. Nf3 Nc6 3. Bc4 Bc5 4. c3 Nf6 5. d4 exd4 6. cxd4 Bb4+ 7. Bd2 Bxd2+
8. Nbxd2 d5 9. Bd3 dxe4 10. Nxe4 Nxe4 11. Bxe4 O-O 12. O-O Qf6 13. Re1 Bg4 14.
Re3 Rad8 15. Qd3 g6 16. h3 Bxf3 17. Rxf3 Qxd4 18. Qxd4 Nxd4 19. Rd3 Ne2+ 20.
Kf1 Rxd3 21. Bxd3 Nf4 22. Be4 b6 23. Bc6 Nd3 24. b3 Nb4 25. Bf3 c5 26. a4 Nc2
27. Rc1 Nd4 28. Bd1 Re8 29. Rc4 a5 30. g3 Re5 31. f3 Re3 32. Kf2 Rd3 33. Be2
Rd2 34. Kf1 Nxe2 35. Ke1 Rb2 36. Kf2 Nf4+ 37. Ke3 Nxh3 38. Rc3 Rg2 39. g4 Rg3
40. Rc4 Ng5 41. Kf4 Rxf3+ 42. Kxg5 f6+ 43. Kh4 Rxb3 0-1

[Event "Tournoi Skype 010"]
[Site "Skype"]
[Date "????.??.??"]
[Round "5.33"]
[White "Fouquereau, Andre"]
[Black "Vervoort, Jean-Louis"]
[Result "1-0"]
[WhiteElo "1587"]
[BlackElo "1269"]
[PlyCount "69"]

1. e4 e5 2. Nf3 Nc6 3. Bc4 Bc5 4. c3 Nf6 5. d4 exd4 6. cxd4 Nxd4 7. Nxd4 Bxd4
8. Qxd4 d6 9. Bg5 h6 10. Bh4 g5 11. Bg3 b6 12. Nc3 c5 13. Qe3 Bb7 14. Bb5+ Ke7
15. Nd5+ Nxd5 16. exd5+ Kf8 17. O-O-O Qc7 18. Bc6 Bxc6 19. dxc6 Qxc6 20. Bxd6+
Kg8 21. Rhe1 Kh7 22. Be5 Rhe8 23. Qd3+ Kg8 24. Qh3 Re6 25. Qf3 Qe8 26. Bc3 Rd8
27. Rxe6 Rxd1+ 28. Qxd1 Qxe6 29. Qd8+ Kh7 30. Qh8+ Kg6 31. h3 f5 32. Qg7+ Kh5
33. Qxa7 Kg6 34. g4 f4 35. Qg7# 1-0

[Event "Tournoi Skype 010"]
[Site "Skype"]
[Date "????.??.??"]
[Round "5.34"]
[White "Ryan, Lea"]
[Black "Antonic, Nenad"]
[Result "1-0"]
[WhiteElo "1300"]
[BlackElo "1488"]
[PlyCount "91"]

1. d4 d5 2. c3 Nf6 3. Bf4 Nh5 4. Bg3 Nxg3 5. hxg3 Nc6 6. Nd2 e5 7. dxe5 Nxe5 8.
Ngf3 Nc6 9. e3 Be6 10. Bd3 h6 11. Qc2 Bd6 12. Qb3 b6 13. Nd4 Nxd4 14. cxd4 Bd7
15. Rc1 O-O 16. Qc2 Qf6 17. Nf3 Bb4+ 18. Ke2 Bd6 19. Rh2 Rfe8 20. Rch1 Bg4 21.
Bh7+ Kf8 22. Rh4 Bxf3+ 23. gxf3 Ke7 24. Rh5 Kd8 25. Qc6 Rb8 26. Rxd5 Qe7 27.
Bf5 Rh8 28. f4 g6 29. Bg4 f5 30. Bf3 Qd7 31. Qxd7+ Kxd7 32. e4 c6 33. Rxd6+
Kxd6 34. e5+ Kc7 35. Rc1 c5 36. dxc5 b5 37. g4 Rbd8 38. Rd1 Rxd1 39. Kxd1 Rd8+
40. Ke2 Rd4 41. Ke3 Rc4 42. c6 Rc2 43. e6 Kd8 44. c7+ Kxc7 45. Bc6 Kxc6 46. e7
1-0

[Event "Tournoi Skype 010"]
[Site "Skype"]
[Date "????.??.??"]
[Round "5.35"]
[White "Lequeux, Pierre"]
[Black "Capdeville, Bastien"]
[Result "1-0"]
[WhiteElo "1000"]
[BlackElo "1399"]
[PlyCount "43"]

1. e4 e5 2. d3 d6 3. Nf3 Be7 4. h4 h6 5. Nc3 b6 6. Bd2 Nf6 7. Be2 O-O 8. Bxh6
gxh6 9. Qd2 Ng4 10. Nh2 h5 11. f3 Nxh2 12. Rxh2 Bf6 13. g3 Bg7 14. f4 f6 15. f5
c5 16. Bxh5 Nc6 17. Bf3 Kf7 18. Bh5+ Ke7 19. Nd5+ Kd7 20. Bg6 a5 21. h5 Ne7 22.
h6 1-0

[Event "Tournoi Skype 010"]
[Site "Skype"]
[Date "????.??.??"]
[Round "5.36"]
[White "Talbot, Jean"]
[Black "Dhenain, Sebastien"]
[Result "0-1"]
[WhiteElo "1399"]
[BlackElo "1227"]
[PlyCount "38"]

1. e4 e5 2. Nf3 Nc6 3. Nc3 Nf6 4. Bc4 Bc5 5. O-O O-O 6. h3 h6 7. d3 Re8 8. Re1
Na5 9. Bd2 Nxc4 10. dxc4 c6 11. a3 d5 12. cxd5 cxd5 13. exd5 Nxd5 14. Rxe5 Rxe5
15. Nxe5 Qf6 16. Ng4 Bxg4 17. hxg4 Qxf2+ 18. Kh2 Bd6+ 19. Kh3 Qg3# 0-1

[Event "Tournoi Skype 010"]
[Site "Skype"]
[Date "????.??.??"]
[Round "5.37"]
[White "Yeter, Orhan"]
[Black "Tamditi, Ibrahim"]
[Result "1/2-1/2"]
[WhiteElo "1399"]
[BlackElo "1209"]
[PlyCount "80"]

1. b4 e5 2. a3 e4 3. e3 Nf6 4. d3 Be7 5. Bb2 O-O 6. Nc3 d5 7. Be2 c5 8. dxe4
cxb4 9. Nxd5 Nxe4 10. Qd4 Nf6 11. axb4 Qxd5 12. Nf3 Qxd4 13. Bxd4 Bxb4+ 14. c3
Be7 15. O-O Nc6 16. Rfd1 Rd8 17. Bc4 Ne4 18. Bd3 Nxd4 19. exd4 Nxc3 20. Re1 Bf6
21. Rac1 Nd5 22. Bc4 Nf4 23. Rcd1 Bg4 24. Be2 Nxe2+ 25. Rxe2 Bxf3 26. gxf3 Bxd4
27. Re7 Bxf2+ 28. Kxf2 Rxd1 29. Rxb7 g6 30. Ke2 Rdd8 31. Rb4 a5 32. Rg4 a4 33.
h4 a3 34. h5 a2 35. f4 a1=Q 36. Kf3 Qd1+ 37. Ke4 Qxg4 38. Ke5 Qxh5+ 39. Kf6
Qf5+ 40. Ke7 Kg7 1/2-1/2

[Event "Tournoi Skype 010"]
[Site "Skype"]
[Date "????.??.??"]
[Round "5.38"]
[White "Rival, Jocelyn"]
[Black "Capdeville, Jean"]
[Result "0-1"]
[WhiteElo "1155"]
[BlackElo "1360"]
[PlyCount "42"]

1. e4 e5 2. c3 Nf6 3. d3 d6 4. Bg5 Be7 5. Qc2 h6 6. Bxf6 Bxf6 7. d4 exd4 8.
Bb5+ Bd7 9. Bc4 O-O 10. Qb3 Bc6 11. f3 Nd7 12. Ne2 Be5 13. f4 Bf6 14. O-O Bxe4
15. Qxb7 Bxb7 16. cxd4 Re8 17. Re1 Bxd4+ 18. Kh1 Bf2 19. Rd1 Qf6 20. Nbc3 Qg6
21. Nb5 Qxg2# 0-1

[Event "Tournoi Skype 010"]
[Site "Skype"]
[Date "????.??.??"]
[Round "5.39"]
[White "Philibert, Andre"]
[Black "Pedneault, Anne-Frederique"]
[Result "1-0"]
[WhiteElo "1358"]
[BlackElo "1047"]
[PlyCount "58"]

1. e4 e5 2. Nf3 Nc6 3. Bc4 Nf6 4. d3 Bb4+ 5. Bd2 O-O 6. O-O Bxd2 7. Qxd2 d5 8.
exd5 Nxd5 9. Bxd5 Qxd5 10. Nc3 Qe6 11. Rfe1 Qg6 12. Kf1 Re8 13. Ne4 f5 14. Nc3
e4 15. Nh4 Qh5 16. Qf4 b6 17. Nd5 Qf7 18. Nxc7 Rb8 19. Nxe8 Qxe8 20. dxe4 Ba6+
21. Kg1 Nb4 22. exf5 Qd8 23. Rad1 Nd5 24. Rxd5 Qf8 25. Red1 Qe8 26. f6 gxf6 27.
Nf5 Qe2 28. Qxb8+ Kf7 29. Qc7+ Ke6 1-0

[Event "Tournoi Skype 010"]
[Site "Skype"]
[Date "????.??.??"]
[Round "5.40"]
[White "Raheja, Shiv"]
[Black "Coude, Josue"]
[Result "1-0"]
[WhiteElo "1335"]
[BlackElo "1146"]
[PlyCount "91"]

1. e4 e5 2. Nf3 Nc6 3. Bc4 Bc5 4. d3 Nf6 5. Ng5 O-O 6. Qf3 Qe7 7. Qg3 Nd8 8.
Nh3 d6 9. Bh6 Nh5 10. Qg5 Qxg5 11. Bxg5 Be6 12. Ng1 h6 13. Bh4 a6 14. Nd2 b5
15. Bxe6 Nxe6 16. Nb3 Bd4 17. c3 Bb6 18. Ne2 Nhf4 19. Nxf4 Nxf4 20. O-O Nxd3
21. Rab1 g5 22. Bg3 f5 23. Rfd1 f4 24. Rxd3 fxg3 25. hxg3 Rxf2 26. Kh1 Kg7 27.
Nd2 Rh8 28. Nf3 g4 29. Nh4 h5 30. Nf5+ Kg6 31. Nh4+ Kf6 32. Rdd1 Kg5 33. a3
Rhf8 34. b3 Rc2 35. Rbc1 Ra2 36. Ra1 Raf2 37. b4 c5 38. Rab1 c4 39. Ra1 Kh6 40.
Rxd6+ R8f6 41. Nf5+ Kg5 42. Rd5 Re2 43. Rxe5 Bc7 44. Re7 Bxg3 45. Nxg3 h4 46.
Nxe2 1-0

[Event "Tournoi Skype 010"]
[Site "Skype"]
[Date "????.??.??"]
[Round "5.41"]
[White "Gagnon, Sindy"]
[Black "Farfallini, Michel"]
[Result "0-1"]
[WhiteElo "1077"]
[BlackElo "1300"]
[PlyCount "68"]

1. d4 d5 2. Nf3 Nf6 3. e3 c5 4. Bd3 c4 5. Be2 Bf5 6. Nbd2 e6 7. O-O Nc6 8. b3
Nb4 9. c3 Nc2 10. Rb1 Nxe3 11. fxe3 Bxb1 12. Nxb1 Qb6 13. Qc2 cxb3 14. axb3 Bd6
15. Bd3 O-O-O 16. c4 Kb8 17. cxd5 Rc8 18. Bc4 exd5 19. Nfd2 dxc4 20. Nxc4 Qc7
21. Qa2 Bxh2+ 22. Kf2 Qg3+ 23. Ke2 Qxg2+ 24. Rf2 Qg4+ 25. Rf3 Ne4 26. Nba3 Qg2+
27. Rf2 Qxf2+ 28. Kd3 Qxa2 29. Nb5 Qxb3+ 30. Kxe4 Qxc4 31. Nd6 Qc6+ 32. Kf5
Qxd6 33. Kg4 g6 34. Kh3 Qg3# 0-1

[Event "Tournoi Skype 010"]
[Site "Skype"]
[Date "????.??.??"]
[Round "5.43"]
[White "Letourneau, Judith"]
[Black "Blaevoet, Rebecca"]
[Result "0-1"]
[WhiteElo "1000"]
[BlackElo "1172"]
[PlyCount "60"]

1. e4 c5 2. Nf3 b6 3. Bb5 Bb7 4. O-O Bxe4 5. Re1 Bxf3 6. gxf3 Nc6 7. Nc3 e6 8.
d3 Be7 9. Bf4 Nd4 10. Be3 Nxb5 11. Nxb5 Nf6 12. Bg5 O-O 13. h4 Re8 14. Bxf6
Bxf6 15. Qd2 e5 16. f4 Bxh4 17. Rad1 Re6 18. Rxe5 Rg6+ 19. Kf1 Bf6 20. Rde1 d6
21. Nxd6 Qxd6 22. Qe2 h6 23. Rxc5 Qxc5 24. Qe3 Qb4 25. c3 Qxb2 26. Rd1 Qxa2 27.
Qd2 Qd5 28. Re1 a5 29. Ra1 Re8 30. c4 Qg2# 0-1